Lanean...

Thuglaq /

Xehetasun bibliografikoak
Egile nagusia: Gireesh Karnard
Beste egile batzuk: Thomas, K. V. (Itzultzailea)
Formatua: Printed Book
Hizkuntza:Malayalam
Argitaratua: Thrissur: Current Books, 2000.
Gaiak:
LEADER 00650nam a22001817a 4500
008 161118b xxu||||| |||| 00| 0 mal d
020 |c INR 
082 |a 894.814 2G1  
100 |a Gireesh Karnard 
245 |a Thuglaq /  |c Gireesh Karnard, translated by K.V. Thomas 
260 |a Thrissur:  |b Current Books,   |c 2000.  
300 |a 96 p. ; 
650 |a Kannada drama  |v Theatre  |x Malayalam translation 
700 |a Thomas, K. V.  |e Translator 
942 |c BK 
546 |a Malayalam 
999 |c 286760  |d 286760 
952 |0 0  |1 0  |4 0  |6 894_814000000000000_2G1_THU  |7 0  |9 325548  |a FLK  |b FLK  |c ST1  |d 2016-11-18  |e BK  |g 60.00  |i 3247  |l 0  |o 894.814 2G1 THU  |p FLK3247  |r 2016-11-18  |w 2016-11-18  |y BK